[Event "Championnat de France - Open A"]
[Site "Val d'Isere"]
[Date "2002.08.??"]
[Round "9.3"]
[White "Karim, Ismael"]
[Black "Meynard, Thibault"]
[Result "0-1"]
[WhiteElo "2092"]
[BlackElo "2193"]
[PlyCount "58"]
[EventDate "2002.08.??"]
[SourceDate "2002.08.21"]

1. e4 c5 2. Nf3 Nc6 3. Nc3 e5 4. Bc4 d6 5. d3 Be7 6. O-O Nf6 7. Ng5 O-O 8. f4
exf4 9. Bxf4 Nd4 10. Qd2 h6 11. Nf3 Ne6 12. Nd5 Nxd5 13. Bxd5 Bf6 14. c3 Nc7
15. Bb3 Bg4 16. h3 Bh5 17. Rf2 Qd7 18. Bxh6 c4 19. Bxc4 d5 20. exd5 gxh6 21. d6
Ne6 22. Qxh6 Bg6 23. Re1 Rfe8 24. Ne5 Bxe5 25. Rxe5 Qxd6 26. Rxf7 Kxf7 27. Rg5
Rg8 28. d4 Rae8 29. h4 Qf8 0-1

[Event "Championnat de France - Open A"]
[Site "Val d'Isere"]
[Date "2002.08.??"]
[Round "9.4"]
[White "Coste, Thierry"]
[Black "Pile, Richard"]
[Result "1/2-1/2"]
[WhiteElo "2155"]
[BlackElo "2039"]
[PlyCount "79"]
[EventDate "2002.08.??"]
[SourceDate "2002.08.21"]

1. d4 Nf6 2. Nf3 e6 3. e3 c5 4. Bd3 b6 5. O-O Bb7 6. Nbd2 cxd4 7. exd4 Be7 8.
Re1 O-O 9. Nf1 d6 10. Ng3 Nbd7 11. c3 Re8 12. Bg5 a6 13. h4 b5 14. h5 Qb6 15.
h6 g6 16. Ne4 Nxe4 17. Bxe4 Bxe4 18. Rxe4 Bf8 19. Qe2 d5 20. Ne5 Qc7 21. Rf4
Nxe5 22. dxe5 Be7 23. Bf6 Bxf6 24. Rxf6 Red8 25. Rd1 Rab8 26. a3 a5 27. Qe3 b4
28. axb4 axb4 29. Ra1 bxc3 30. bxc3 Rd7 31. Rf4 Rc8 32. Rfa4 Qd8 33. Qf4 Qf8
34. g4 Rdc7 35. g5 Rxc3 36. Qf6 Rc1+ 37. Rxc1 Rxc1+ 38. Kg2 Rc8 39. Ra6 Rb8 40.
Rd6 1/2-1/2

[Event "Championnat de France - Open A"]
[Site "Val d'Isere"]
[Date "2002.08.??"]
[Round "9.5"]
[White "Vilaisarn, Akkhavanh"]
[Black "Chevant, Louis"]
[Result "1/2-1/2"]
[WhiteElo "2167"]
[BlackElo "2107"]
[Annotator ",Erick"]
[PlyCount "137"]
[EventDate "2002.08.??"]
[SourceDate "2002.08.21"]

1. d4 d5 2. Nf3 Nf6 3. e3 c6 4. Nbd2 Bf5 5. Be2 e6 6. Nh4 Bg6 7. Nxg6 hxg6 8.
Bf3 Bd6 9. g3 Nbd7 10. e4 dxe4 11. Nxe4 Nxe4 12. Bxe4 Nf6 13. Bg2 O-O 14. O-O
Qa5 15. c3 Rac8 16. Qb3 b5 17. Bd2 Qb6 18. a4 a6 19. axb5 axb5 20. Qa2 Nd5 21.
Rfd1 Rfd8 22. c4 bxc4 23. Ba5 Qb5 24. Bxd8 Rxd8 25. Rac1 Nb6 26. Bf1 Ra8 27.
Qb1 Be7 28. Qc2 Ra2 29. Bxc4 Nxc4 30. Qxc4 Qxb2 31. Qf1 Bg5 32. Rxc6 Be3 33.
Rc8+ Kh7 34. Qh3+ Bh6 35. Qg2 Be3 36. Qh3+ Bh6 37. Qg2 Be3 38. Kh1 Ra1 39. Rg1
Rxg1+ 40. Kxg1 Qb1+ 41. Qf1 Qxf1+ 42. Kxf1 Bxd4 43. g4 g5 44. Ke2 Kg6 45. f3
Be5 46. h3 Bh2 47. Kd3 Be5 48. Rc4 Bf4 49. Re4 Bg3 50. Kc4 Bb8 51. Kb5 Bg3 52.
Kc6 Bh2 53. Kd7 Bg3 54. Ke8 Bd6 55. Rd4 Ba3 56. Ra4 Bc5 57. Ra6 Bb4 58. Ra7 f6
59. Ra6 e5 60. Rc6 Ba3 61. Rc2 Bb4 62. Rh2 Ba3 63. Kd7 Bc5 64. Ke6 Ba3 65. h4
gxh4 66. Rxh4 Bc5 67. Rh5 Ba3 68. Rf5 Bc1 69. Rh5 1/2-1/2

[Event "Championnat de France - Open A"]
[Site "Val d'Isere"]
[Date "2002.08.??"]
[Round "9.96"]
[White "Thurillet, Vincent"]
[Black "Petitjean, Pierre"]
[Result "0-1"]
[WhiteElo "1920"]
[BlackElo "2050"]
[Annotator ",Erick"]
[PlyCount "50"]
[EventDate "2002.08.??"]
[SourceDate "2002.08.21"]

1. e4 e5 2. Bc4 Nf6 3. d3 c6 4. Qe2 Be7 5. f4 d5 6. exd5 exf4 7. Bxf4 cxd5 8.
Bb3 O-O 9. Nd2 a5 10. c3 a4 11. Bc2 a3 12. b3 Re8 13. O-O-O Bb4 14. Qf2 Bxc3
15. Bg5 Nc6 16. Ngf3 d4 17. Rhe1 Bb2+ 18. Kb1 Nd5 19. Rxe8+ Qxe8 20. Ne4 {#}
20... Qxe4 $3 21. Bd2 (21. dxe4 Nc3#) 21... Qe3 22. Re1 Bf5 23. Rxe3 dxe3 24.
Qf1 exd2 25. Bd1 Ncb4 {suivi d'un mat en 2: 26.Cxd2 Cc3 mat; 26.De2 Cc3 mat.}
0-1

[Event "Championnat de France - Open A"]
[Site "Val d'Isere"]
[Date "2002.08.??"]
[Round "9.158"]
[White "Wunderman, Xavier"]
[Black "Dessigny, Emmanuel"]
[Result "0-1"]
[WhiteElo "1810"]
[BlackElo "1950"]
[Annotator ",Erick"]
[PlyCount "55"]
[EventDate "2002.08.??"]
[SourceDate "2002.08.21"]

1. d4 Nf6 2. c4 e6 3. Nc3 Bb4 4. Nf3 Bxc3+ 5. bxc3 b6 6. Bg5 Bb7 7. e3 h6 8.
Bh4 d6 9. Bd3 Nbd7 10. O-O g5 11. Bg3 Qe7 12. a4 a5 13. Re1 O-O-O 14. e4 e5 15.
Nd2 h5 16. f3 h4 17. Bf2 Rhg8 18. Be2 Nh5 19. Nb3 Nf4 20. Rb1 g4 21. fxg4 Bxe4
22. Bf3 Bxb1 23. Qxb1 Nf6 {#} 24. Nxa5 $1 bxa5 25. dxe5 $6 (25. Bb7+ Kd7 26.
Bc6+ Kxc6 (26... Kc8 27. Qb7#) 27. Qb5#) 25... dxe5 26. Bc6 Qd6 27. Bb7+ Kb8
28. Ba6+ 0-1

[Event "Championnat de France - Open A"]
[Site "Val d'Isere"]
[Date "2002.08.31"]
[Round "10.1"]
[White "Camus De Sollier, Guillaume"]
[Black "Helstroffer, Arnaud"]
[Result "1/2-1/2"]
[WhiteElo "2133"]
[BlackElo "2075"]
[PlyCount "56"]
[EventDate "2002.08.??"]
[SourceDate "2002.08.21"]

1. d4 e6 2. c4 d5 3. Nc3 c5 4. cxd5 exd5 5. Nf3 Nc6 6. g3 Nf6 7. Bg2 Be7 8. O-O
O-O 9. Bg5 c4 10. Ne5 Be6 11. Nxc6 bxc6 12. b3 Qa5 13. Na4 Rfd8 14. e3 c5 15.
Bxf6 gxf6 16. bxc4 cxd4 17. cxd5 dxe3 18. fxe3 Rab8 19. Rb1 Rxb1 20. Qxb1 Qxa4
21. Rf4 Qa3 22. dxe6 Qxe3+ 23. Kh1 fxe6 24. Re4 Qd3 25. Qxd3 Rxd3 26. Bh3 e5
27. Be6+ Kf8 28. Rh4 Ke8 1/2-1/2

[Event "Championnat de France - Open A"]
[Site "Val d'Isere"]
[Date "2002.08.31"]
[Round "10.2"]
[White "Meynard, Thibault"]
[Black "Coste, Thierry"]
[Result "1-0"]
[WhiteElo "2193"]
[BlackElo "2155"]
[PlyCount "69"]
[EventDate "2002.08.??"]
[SourceDate "2002.08.21"]

1. d4 d5 2. c4 e6 3. Nc3 c6 4. e3 Bd6 5. Qc2 f5 6. Bd3 Nh6 7. h3 O-O 8. Nge2 a5
9. a3 Kh8 10. Bd2 Nd7 11. O-O-O dxc4 12. Bxc4 Qe7 13. e4 b5 14. Bxh6 bxc4 15.
Bf4 Bxf4+ 16. Nxf4 e5 17. Nfe2 Rb8 18. Na4 Nb6 19. Nec3 fxe4 20. Qxe4 Qg5+ 21.
Qe3 Qxe3+ 22. fxe3 Nxa4 23. Nxa4 Bf5 24. Nc5 c3 25. b3 Bg6 26. Rhf1 exd4 27.
Rxf8+ Rxf8 28. Rxd4 h6 29. Ne6 Re8 30. Rd8 Rxd8 31. Nxd8 Be4 32. g3 Bd5 33. Nb7
Bxb3 34. Nxa5 Ba4 35. Nb7 1-0

[Event "Championnat de France - Open A"]
[Site "Val d'Isere"]
[Date "2002.08.31"]
[Round "10.3"]
[White "Ragot, Nicolas"]
[Black "Jablonski, Noham"]
[Result "0-1"]
[WhiteElo "2100"]
[BlackElo "2182"]
[PlyCount "159"]
[EventDate "2002.08.??"]
[SourceDate "2002.08.21"]

1. c4 c5 2. g3 Nf6 3. Bg2 d5 4. Nf3 Nc6 5. cxd5 Nxd5 6. O-O e5 7. d3 Be7 8. b3
Bf6 9. e4 Ndb4 10. Ne1 Nd4 11. Bb2 O-O 12. Nc3 Be6 13. Ne2 Nbc6 14. f4 Bg4 15.
Bf3 Nxf3+ 16. Nxf3 exf4 17. Bxf6 Qxf6 18. gxf4 Qg6 19. Kh1 Rad8 20. Rc1 b6 21.
a3 Qd6 22. Rc3 f5 23. Qc2 Ne7 24. Ne5 Bxe2 25. Qxe2 Nc6 26. Nxc6 Qxc6 27. b4
Rd4 28. bxc5 fxe4 29. Qg2 Rf6 30. dxe4 Rg6 31. Qf3 bxc5 32. Re3 Re6 33. e5 Rxf4
34. Qxc6 Rxf1+ 35. Kg2 Rxc6 36. Kxf1 Kf7 37. Ke2 Ke6 38. Kd3 Kd5 39. Kc3 Rc7
40. Kd3 Re7 41. Rf3 Kxe5 42. Kc4 Kd6 43. Rf8 Rc7 44. Re8 Kd7 45. Re5 Rc6 46.
Rd5+ Ke6 47. Rh5 h6 48. a4 Kd7 49. Rf5 Rc7 50. Re5 Kd6 51. Rd5+ Kc6 52. Rf5 Kb6
53. Rf2 Ka5 54. Ra2 Rf7 55. Kxc5 Rf4 56. Re2 g5 57. Re7 a6 58. Re2 Kxa4 59. Re6
Rh4 60. Rxa6+ Kb3 61. Kd5 Rxh2 62. Ke4 h5 63. Kf3 Ra2 64. Rc6 Ra5 65. Kg3 Kb4
66. Rg6 Kc4 67. Rh6 Ra3+ 68. Kg2 h4 69. Rg6 Rg3+ 70. Kf2 Kd5 71. Rf6 Ke5 72.
Rf8 Rb3 73. Ra8 Rg3 74. Rf8 g4 75. Re8+ Kd4 76. Rd8+ Ke4 77. Re8+ Kd3 78. Rd8+
Kc3 79. Rc8+ Kd2 80. Rd8+ 0-1

[Event "Championnat de France - Open A"]
[Site "Val d'Isere"]
[Date "2002.08.31"]
[Round "10.4"]
[White "Plane, Boris"]
[Black "Chevant, Louis"]
[Result "1-0"]
[WhiteElo "2157"]
[BlackElo "2107"]
[PlyCount "121"]
[EventDate "2002.08.??"]
[SourceDate "2002.08.21"]

1. e4 e6 2. d3 d5 3. Nd2 Nf6 4. Ngf3 b6 5. g3 Ba6 6. e5 Nfd7 7. Bg2 c5 8. O-O
Qc7 9. Re1 Be7 10. h4 Nc6 11. Qe2 Nb4 12. Qd1 c4 13. dxc4 Bxc4 14. Nxc4 Qxc4
15. c3 Na6 16. Bf4 h6 17. h5 Qc7 18. Nd4 O-O 19. Bxd5 exd5 20. e6 Qb7 21. exd7
Bf6 22. Qg4 Kh8 23. Nf5 Nc5 24. Be5 Qc6 25. Rad1 Nxd7 26. Bxf6 Qxf6 27. Rxd5
Nc5 28. Nh4 Rae8 29. Red1 Rd8 30. Nf5 Ne6 31. Nd6 Ng5 32. R1d3 Qe6 33. Qd1 Kg8
34. f4 Ne4 35. Re5 Rxd6 36. Rxe6 Rxe6 37. Qf3 Rfe8 38. Kg2 Nf6 39. Rd2 Re3 40.
Qd1 R8e6 41. c4 a5 42. Kf2 Ne4+ 43. Kxe3 Nc3+ 44. Kd3 Nxd1 45. Rxd1 Kf8 46. Rd2
Re1 47. Kd4 Rh1 48. Kd5 Rc1 49. b3 Rc3 50. Rg2 Ke7 51. Kc6 a4 52. Rb2 g6 53.
Kxb6 a3 54. Rg2 Ke6 55. g4 gxh5 56. gxh5 Kf5 57. c5 Kxf4 58. Rf2+ Ke3 59. Rxf7
Rc2 60. c6 Rxa2 61. Ra7 1-0

[Event "Championnat de France - Open A"]
[Site "Val d'Isere"]
[Date "2002.08.31"]
[Round "10.5"]
[White "Pietrasanta, Jeremy"]
[Black "Strugnell, Carl"]
[Result "1/2-1/2"]
[WhiteElo "2149"]
[BlackElo "2079"]
[PlyCount "103"]
[EventDate "2002.08.??"]
[SourceDate "2002.08.21"]

1. Nf3 g6 2. g3 Bg7 3. Bg2 d6 4. O-O c6 5. d3 Nd7 6. e4 e5 7. c3 Ne7 8. d4 O-O
9. Nbd2 b5 10. dxe5 dxe5 11. Nb3 Qc7 12. Qe2 a6 13. a4 Nb6 14. Nc5 Rd8 15. b3
Nd7 16. Ba3 Nxc5 17. Bxc5 Be6 18. Qc2 f6 19. a5 Nc8 20. Nd2 Bh6 21. Nf3 Rb8 22.
Rfd1 Bf8 23. Be3 c5 24. Bf1 Na7 25. Rdc1 Qf7 26. Nd2 Nc6 27. Be2 Rd7 28. f4 Qe7
29. f5 Bf7 30. Rf1 g5 31. h4 gxh4 32. g4 Bg7 33. Nf3 b4 34. cxb4 Nd4 35. Nxd4
exd4 36. Bf4 Rxb4 37. Bxa6 Bxb3 38. Qg2 d3 39. Bc8 Rd8 40. Be6+ Bxe6 41. fxe6
Qxe6 42. a6 Ra8 43. e5 Ra7 44. exf6 Bxf6 45. Rae1 Qd7 46. Qf3 Rxa6 47. Kh2 Ra2+
48. Kh1 Rbb2 49. Be5 Re2 50. Rxe2 dxe2 51. Qb3+ Qf7 52. Qb8+ 1/2-1/2